[Event "MCRE_SF18"]
[Site "?"]
[Date "2009.??.??"]
[Round "2"]
[White "Juhasz, Jozef"]
[Black "Portych, Vaclav"]
[Result "1/2-1/2"]
[WhiteElo "2199"]
[BlackElo "2219"]
[PlyCount "53"]
[EventDate "2009.??.??"]
[EventType "corr"]
[EventRounds "2"]

1. e4 c5 2. Nf3 Nc6 3. d4 cxd4 4. Nxd4 Nf6 5. Nc3 e5 6. Ndb5 d6 7. Nd5 Nxd5 8.
exd5 Nb8 9. c4 a6 10. Nc3 Be7 11. Qa4+ Nd7 12. Qc2 O-O 13. Bd3 h6 14. O-O Nc5
15. Bh7+ Kh8 16. b4 Nd7 17. Bd3 a5 18. Ba3 axb4 19. Bxb4 Nb8 20. Bf5 Na6 21.
Ba3 Bxf5 22. Qxf5 Rc8 23. Qe4 Qc7 24. Nb5 Qd7 25. Qe2 f5 26. Rab1 Nc5 27. Rfc1
1/2-1/2

[Event "MCRE_SF18"]
[Site "?"]
[Date "2009.??.??"]
[Round "1"]
[White "Portych, Vaclav"]
[Black "Kratochvil, Vaclav"]
[Result "1/2-1/2"]
[WhiteElo "2219"]
[BlackElo "2195"]
[PlyCount "72"]
[EventDate "2009.??.??"]
[EventType "corr"]
[EventRounds "2"]

1. c4 c5 2. Nc3 Nc6 3. Nf3 Nf6 4. d4 cxd4 5. Nxd4 g6 6. g3 Bg7 7. Bg2 Qb6 8.
Ndb5 a6 9. Na4 Qa5+ 10. Bd2 Qd8 11. Nbc3 d6 12. O-O O-O 13. Nd5 Nxd5 14. cxd5
Ne5 15. Be3 b5 16. Nb6 Rb8 17. Nxc8 Rxc8 18. b3 Nd7 19. Rc1 Qa5 20. Bg5 Bf6 21.
Qd2 b4 22. Bxf6 Nxf6 23. Rc6 Rxc6 24. dxc6 Rc8 25. Rc1 Qb5 26. Qd4 Rc7 27. e3
a5 28. Bf1 Qb8 29. Bc4 h6 30. h3 Kg7 31. Bf1 Kg8 32. Rc2 Qa8 33. Bb5 Qb8 34.
Bd3 Qa8 35. Bb5 Qb8 36. Bd3 Qa8 1/2-1/2

[Event "MCRE_SF18"]
[Site "?"]
[Date "2009.??.??"]
[Round "2"]
[White "Kratochvil, Vaclav"]
[Black "Portych, Vaclav"]
[Result "1/2-1/2"]
[WhiteElo "2195"]
[BlackElo "2219"]
[PlyCount "94"]
[EventDate "2009.??.??"]
[EventType "corr"]
[EventRounds "2"]

1. e4 c5 2. Nf3 Nc6 3. d4 cxd4 4. Nxd4 Nf6 5. Nc3 e5 6. Ndb5 d6 7. Bg5 a6 8.
Na3 b5 9. Bxf6 gxf6 10. Nd5 Bg7 11. Bd3 Ne7 12. Nxe7 Qxe7 13. c3 f5 14. Nc2 Bb7
15. exf5 Qh4 16. O-O O-O 17. Re1 Qg5 18. Be4 Bxe4 19. Rxe4 Qxf5 20. Re2 Rfd8
21. a4 Qe6 22. Rd2 bxa4 23. Nb4 Qb3 24. Rxa4 Qxd1+ 25. Rxd1 Rdb8 26. Ra2 a5 27.
Nc6 Rb7 28. Rxd6 a4 29. Rd1 Rc8 30. Nb4 a3 31. bxa3 Rxc3 32. Kf1 Bf8 33. Nc2
Rbc7 34. Rd2 Bh6 35. Re2 R3c5 36. Ne3 Rc1+ 37. Re1 Bxe3 38. fxe3 R1c5 39. e4
Ra7 40. Re3 Ra4 41. Ke2 Rca5 42. Kf3 Kg7 43. g4 Ra6 44. Kg3 Kg6 45. h4 h5 46.
g5 Kg7 47. Kf3 Kg6 1/2-1/2

[Event "MCRE_SF18"]
[Site "?"]
[Date "2009.??.??"]
[Round "1"]
[White "Portych, Vaclav"]
[Black "Pirhala, Ladislav"]
[Result "0-1"]
[WhiteElo "2219"]
[BlackElo "2190"]
[PlyCount "106"]
[EventDate "2009.??.??"]
[EventType "corr"]
[EventRounds "2"]

1. c4 Nf6 2. Nc3 e5 3. Nf3 Nc6 4. g3 d5 5. cxd5 Nxd5 6. Bg2 Nb6 7. O-O Be7 8.
a3 O-O 9. b4 Be6 10. Rb1 f6 11. d3 a5 12. b5 Nd4 13. Nd2 Qc8 14. e3 Nf5 15. Qc2
Rd8 16. Bb2 Nd6 17. a4 Nf7 18. Ne2 Bg4 19. f3 Bf5 20. e4 Be6 21. d4 c6 22. Rfc1
cxb5 23. axb5 Qxc2 24. Rxc2 Bb4 25. Bc3 Rdc8 26. Rbc1 Ba3 27. d5 Bd7 28. Bb2
Rxc2 29. Rxc2 Bb4 30. Bc3 Bd6 31. Kf2 a4 32. Bf1 Rc8 33. Nc1 Ba3 34. Ke1 Nd6
35. Nb1 Bc5 36. Nd3 Bg1 37. Na3 Nxb5 38. Nxb5 Bxb5 39. Nb4 Bd7 40. Bd2 Kf7 41.
Rxc8 Nxc8 42. Nc2 Bc5 43. Be3 Bxe3 44. Nxe3 Ke7 45. Kd2 Kd6 46. Kc3 Kc5 47. Nc2
Nd6 48. Nb4 Nb5+ 49. Bxb5 Bxb5 50. f4 f5 51. exf5 exf4 52. gxf4 Bd7 53. f6 gxf6
0-1

[Event "MCRE_SF18"]
[Site "?"]
[Date "2009.??.??"]
[Round "2"]
[White "Pirhala, Ladislav"]
[Black "Portych, Vaclav"]
[Result "1-0"]
[WhiteElo "2190"]
[BlackElo "2219"]
[PlyCount "61"]
[EventDate "2009.??.??"]
[EventType "corr"]
[EventRounds "2"]

1. e4 c5 2. Nf3 Nc6 3. d4 cxd4 4. Nxd4 Nf6 5. Nc3 e5 6. Ndb5 d6 7. Nd5 Nxd5 8.
exd5 Nb8 9. c4 a6 10. Qa4 Bd7 11. Be3 Nc6 12. dxc6 Bxc6 13. Qb3 axb5 14. cxb5
Be4 15. f3 Bf5 16. Bc4 Qf6 17. Bd5 Be6 18. Rc1 Be7 19. Rc7 Bxd5 20. Qxd5 Qh4+
21. Ke2 O-O 22. Rxb7 Bd8 23. b6 Qb4 24. Rd1 Qxb2+ 25. Rd2 Qa3 26. Qc4 Bf6 27.
Rc7 d5 28. Qxd5 Bd8 29. Rc6 Qa6+ 30. Qc4 Qxb6 31. Bxb6 1-0

[Event "MCRE_SF18"]
[Site "?"]
[Date "2009.??.??"]
[Round "1"]
[White "Portych, Vaclav"]
[Black "Machotka, Jaroslav"]
[Result "1/2-1/2"]
[WhiteElo "2219"]
[BlackElo "2040"]
[PlyCount "118"]
[EventDate "2009.??.??"]
[EventType "corr"]
[EventRounds "2"]

1. c4 e5 2. Nc3 Nf6 3. Nf3 Nc6 4. g3 Bc5 5. Bg2 d6 6. d3 h6 7. O-O O-O 8. Na4
Bg4 9. h3 Be6 10. Kh2 Re8 11. b3 Bb6 12. Nxb6 axb6 13. Bb2 Bf5 14. e4 Bh7 15.
a4 Nd7 16. Ne1 Nc5 17. f4 exf4 18. gxf4 Qe7 19. f5 Nd7 20. Nc2 Nf6 21. Qe2 Na5
22. Rab1 Nc6 23. Rf4 Kh8 24. Ne3 Ne5 25. d4 Ned7 26. Bc3 Qf8 27. Rg1 Re7 28.
Ng4 Nxg4+ 29. Qxg4 f6 30. Qg3 Qf7 31. Rh4 Qf8 32. Bf3 Rc8 33. Bd2 c5 34. Bf4
cxd4 35. Bxd6 Ne5 36. Qf2 Rd8 37. Bxe7 Qxe7 38. Bh5 Qc7 39. Rg3 d3 40. Qd2 Bg8
41. Bd1 Rd7 42. Rf4 Bf7 43. Rf1 Be8 44. Qf4 Re7 45. Rf2 Bc6 46. Rd2 Rd7 47. Qe3
Qd8 48. Rdg2 Qf8 49. Rg1 Qd8 50. Bh5 Qb8 51. Kh1 Qd8 52. R3g2 Re7 53. Rd1 Rd7
54. Rf2 Rd4 55. Rf4 d2 56. Be2 Nd3 57. Rxd2 Nf2+ 58. Rxf2 Rxd2 59. Kg2 Rd4
1/2-1/2

[Event "MCRE_SF18"]
[Site "?"]
[Date "2009.??.??"]
[Round "2"]
[White "Machotka, Jaroslav"]
[Black "Portych, Vaclav"]
[Result "1-0"]
[WhiteElo "2040"]
[BlackElo "2219"]
[PlyCount "71"]
[EventDate "2009.??.??"]
[EventType "corr"]
[EventRounds "2"]

1. e4 c5 2. Nf3 Nc6 3. Bb5 d6 4. O-O Bd7 5. c3 a6 6. Ba4 b5 7. Bc2 Nf6 8. d4 e5
9. Be3 Be7 10. h3 O-O 11. d5 Na5 12. b3 Nb7 13. a4 bxa4 14. bxa4 Qc7 15. Nfd2
h6 16. Nc4 Na5 17. Nba3 Nxc4 18. Nxc4 Bc8 19. f4 Nd7 20. a5 exf4 21. Bxf4 f6
22. e5 fxe5 23. Qd3 Nf6 24. Bxh6 e4 25. Qg3 Bg4 26. hxg4 gxh6 27. g5 hxg5 28.
Qxg5+ Kh8 29. Qh6+ Nh7 30. Bxe4 Bg5 31. Qh5 Bf4 32. Rf3 Qe7 33. Bd3 Rf6 34. Rh3
Rh6 35. Qxh6 Bxh6 36. Rxh6 1-0

[Event "MCRE_SF18"]
[Site "?"]
[Date "2009.??.??"]
[Round "1"]
[White "Kudr, Roman"]
[Black "Juhasz, Jozef"]
[Result "1/2-1/2"]
[WhiteElo "2208"]
[BlackElo "2199"]
[PlyCount "56"]
[EventDate "2009.??.??"]
[EventType "corr"]
[EventRounds "2"]

1. d4 d5 2. Nf3 Nf6 3. c4 e6 4. Nc3 Bb4 5. cxd5 exd5 6. Bg5 Nbd7 7. e3 O-O 8.
Bd3 c5 9. O-O Bxc3 10. bxc3 c4 11. Bc2 Qa5 12. Qe1 Ne4 13. Be7 Re8 14. Bb4 Qc7
15. a4 a5 16. Ba3 Nb6 17. Bb2 Qd8 18. Ne5 f6 19. Nf3 Ra6 20. Qc1 Bd7 21. Re1
Bc6 22. Nh4 g6 23. f3 Ng5 24. Qd2 Qd7 25. Qd1 Kh8 26. Bc1 Kg8 27. Ra2 Raa8 28.
Bd2 Ra6 1/2-1/2

[Event "MCRE_SF18"]
[Site "?"]
[Date "2009.??.??"]
[Round "2"]
[White "Juhasz, Jozef"]
[Black "Kudr, Roman"]
[Result "1-0"]
[WhiteElo "2199"]
[BlackElo "2208"]
[PlyCount "115"]
[EventDate "2009.??.??"]
[EventType "corr"]
[EventRounds "2"]

1. e4 c6 2. d4 Na6 3. Nf3 Nc7 4. c4 d6 5. Nc3 g6 6. Be2 Nf6 7. O-O Bg7 8. h3
O-O 9. Be3 Ne6 10. Qd2 d5 11. e5 Ne4 12. Qc1 b6 13. Rd1 Bb7 14. Nxe4 dxe4 15.
Ng5 Nxg5 16. Bxg5 c5 17. dxc5 Qc7 18. cxb6 axb6 19. e6 fxe6 20. Be3 Bc6 21. Rd2
Qb7 22. a3 Kf7 23. Qd1 Ba4 24. Qe1 Rac8 25. Rc1 Bf6 26. Bd1 Qa6 27. b3 Bc6 28.
Ra2 b5 29. a4 bxc4 30. Be2 Bd5 31. bxc4 Bc6 32. a5 Rb8 33. c5 Qa7 34. Bc4 Qc7
35. a6 Rfd8 36. Bd2 Rd4 37. Raa1 Bd5 38. Bxd5 Rxd5 39. Bc3 Bg5 40. Rcb1 Rxb1
41. Qxb1 Rxc5 42. a7 Rxc3 43. a8=Q Rc1+ 44. Qxc1 Bxc1 45. Qxe4 Bb2 46. Rd1 Qe5
47. Qxe5 Bxe5 48. Rd3 Bd6 49. Rf3+ Kg7 50. Kf1 g5 51. Re3 Kf6 52. Ke2 h5 53.
Rf3+ Kg6 54. Rf8 Be5 55. Ke3 g4 56. Ke4 Bg7 57. Rg8 gxh3 58. gxh3 1-0

[Event "MCRE_SF18"]
[Site "?"]
[Date "2009.??.??"]
[Round "1"]
[White "Kudr, Roman"]
[Black "Kratochvil, Vaclav"]
[Result "1-0"]
[WhiteElo "2208"]
[BlackElo "2195"]
[PlyCount "131"]
[EventDate "2009.??.??"]
[EventType "corr"]
[EventRounds "2"]

1. d4 d5 2. Nf3 Nf6 3. c4 c6 4. Nc3 dxc4 5. a4 Bg4 6. Ne5 Bh5 7. g3 e6 8. Bg2
a5 9. O-O Be7 10. Nxc4 Na6 11. h3 Nb4 12. g4 Bg6 13. e4 Nd7 14. Qe2 Nb6 15.
Nxb6 Qxb6 16. Be3 O-O 17. Rac1 Qd8 18. Rfd1 Bd6 19. f4 f6 20. h4 Bf7 21. h5 Qe7
22. e5 Bc7 23. Bf2 Nd5 24. Nxd5 exd5 25. Rc3 Rae8 26. Rb3 Bd6 27. Rc1 Bb4 28.
Bh4 Qc7 29. Bg3 Qb6 30. Bf2 Qc7 31. Re3 fxe5 32. dxe5 Qe7 33. Rh3 h6 34. Bh4
Qc7 35. Rd3 Kh8 36. Bg3 Qe7 37. Qf2 Bg8 38. Bf3 Qc7 39. Kg2 Re7 40. Rdd1 Qb8
41. Qb6 Qe8 42. Qd4 c5 43. Rxc5 Bxc5 44. Qxc5 b6 45. Qd6 Rd7 46. Qxb6 Qe7 47.
Rd2 Rb7 48. Qxa5 Rfb8 49. f5 Rxb2 50. e6 Qg5 51. Rxb2 Rxb2+ 52. Kh3 Rb3 53.
Bxd5 Ra3 54. Qb4 Qe3 55. Qd6 Rd3 56. f6 Rxd5 57. fxg7+ Kxg7 58. Qxd5 Bxe6 59.
Qe5+ Qxe5 60. Bxe5+ Kh7 61. a5 Bc8 62. Kh4 Ba6 63. g5 hxg5+ 64. Kxg5 Be2 65. h6
Bd3 66. Bf4 1-0

[Event "MCRE_SF18"]
[Site "?"]
[Date "2009.??.??"]
[Round "2"]
[White "Kratochvil, Vaclav"]
[Black "Kudr, Roman"]
[Result "1-0"]
[WhiteElo "2195"]
[BlackElo "2208"]
[PlyCount "123"]
[EventDate "2009.??.??"]
[EventType "corr"]
[EventRounds "2"]

1. e4 c6 2. d4 Na6 3. Nc3 Nc7 4. Bf4 Nf6 5. Bd3 g6 6. Nf3 Bg7 7. O-O O-O 8. Qd2
Ne6 9. Bh6 Bxh6 10. Qxh6 d5 11. e5 Nh5 12. Ne2 Bd7 13. Rfe1 Qb6 14. c4 Rfd8 15.
c5 Qc7 16. b4 b6 17. a3 bxc5 18. dxc5 Nhg7 19. Qh4 Re8 20. Rac1 Rab8 21. Ned4
Nxd4 22. Nxd4 Ne6 23. Nb3 f5 24. Rc3 Nd8 25. Nd4 e6 26. Bf1 Rf8 27. f4 a5 28.
Rb1 axb4 29. axb4 Ra8 30. Be2 Ra4 31. Bd1 Ra2 32. Bb3 Ra8 33. Bd1 Ra2 34. Rg3
Be8 35. Rbb3 Qb8 36. Be2 Rf7 37. b5 cxb5 38. Rxg6+ hxg6 39. Rh3 Rg7 40. Qh8+
Kf7 41. Nf3 Qc7 42. Ng5+ Ke7 43. Qxg7+ Bf7 44. Qf6+ Kd7 45. Bxb5+ Kc8 46. Rc3
Ra7 47. h3 Qa5 48. Rb3 Qd2 49. Rf3 Qb4 50. Nxf7 Rxf7 51. Ba6+ Kc7 52. Qxg6
Qxc5+ 53. Kh2 Qa5 54. Bf1 Qe1 55. Qg8 Qb4 56. Qg3 Nc6 57. Rb3 Qd4 58. Bb5 Kb6
59. Rd3 Qe4 60. Bxc6 Kxc6 61. Rc3+ Kd7 62. Qf2 1-0

[Event "MCRE_SF18"]
[Site "?"]
[Date "2009.??.??"]
[Round "1"]
[White "Kudr, Roman"]
[Black "Pirhala, Ladislav"]
[Result "1/2-1/2"]
[WhiteElo "2208"]
[BlackElo "2190"]
[PlyCount "45"]
[EventDate "2009.??.??"]
[EventType "corr"]
[EventRounds "2"]

1. d4 Nf6 2. c4 e6 3. Nc3 Bb4 4. Qc2 O-O 5. a3 Bxc3+ 6. Qxc3 b6 7. Bg5 Bb7 8.
f3 h6 9. Bh4 d5 10. e3 Nbd7 11. cxd5 Nxd5 12. Bxd8 Nxc3 13. Bh4 Nd5 14. Bf2
Rfd8 15. e4 Ne7 16. Ne2 c5 17. O-O-O Ba6 18. Nc3 Bxf1 19. Rhxf1 cxd4 20. Bxd4
Nc6 21. Be3 Rac8 22. b3 f5 23. exf5 1/2-1/2

[Event "MCRE_SF18"]
[Site "?"]
[Date "2009.??.??"]
[Round "2"]
[White "Pirhala, Ladislav"]
[Black "Kudr, Roman"]
[Result "1/2-1/2"]
[WhiteElo "2190"]
[BlackElo "2208"]
[PlyCount "46"]
[EventDate "2009.??.??"]
[EventType "corr"]
[EventRounds "2"]

1. e4 c6 2. d4 Na6 3. Nf3 g6 4. Nc3 Nc7 5. Bd3 Bg7 6. O-O d6 7. Be3 Nf6 8. h3
O-O 9. Qd2 Ne6 10. Rfe1 Bd7 11. a4 Qc7 12. b4 Rfc8 13. a5 b5 14. a6 Qd8 15.
Reb1 Be8 16. Rd1 Bd7 17. Ne2 d5 18. e5 Ne4 19. Qc1 f6 20. c3 Qc7 21. Qc2 f5 22.
Nf4 Nxf4 23. Bxf4 e6 1/2-1/2

[Event "MCRE_SF18"]
[Site "?"]
[Date "2009.??.??"]
[Round "1"]
[White "Kudr, Roman"]
[Black "Machotka, Jaroslav"]
[Result "1/2-1/2"]
[WhiteElo "2208"]
[BlackElo "2040"]
[PlyCount "90"]
[EventDate "2009.??.??"]
[EventType "corr"]
[EventRounds "2"]

1. d4 Nf6 2. c4 e6 3. Nc3 Bb4 4. Qc2 O-O 5. a3 Bxc3+ 6. Qxc3 b6 7. Bg5 Bb7 8.
f3 d6 9. e4 h6 10. Be3 c5 11. Rd1 Qe7 12. dxc5 dxc5 13. Bd3 Nc6 14. e5 Nd7 15.
Bf4 Nd4 16. Ne2 f6 17. exf6 Rxf6 18. Bg3 Bxf3 19. gxf3 Nxf3+ 20. Kf1 Nde5 21.
Be4 Nd2+ 22. Kg2 Nxe4 23. Qxe5 Qb7 24. Rd7 Qxd7 25. Qxe4 Raf8 26. b4 Rf3 27.
bxc5 Qd2 28. Qxe6+ Kh8 29. Qe7 R8f5 30. Qe4 Qe3 31. Qxe3 Rxe3 32. Nd4 Rxc5 33.
Nb5 Rxc4 34. Nxa7 Rxa3 35. Nb5 Rb3 36. Nd6 Rd4 37. Nf5 Rd7 38. Re1 b5 39. Be5
b4 40. Nxg7 Rxg7+ 41. Bxg7+ Kxg7 42. Re6 Rc3 43. Rb6 b3 44. h4 h5 45. Kf1 Kf7
1/2-1/2

[Event "MCRE_SF18"]
[Site "?"]
[Date "2009.??.??"]
[Round "2"]
[White "Machotka, Jaroslav"]
[Black "Kudr, Roman"]
[Result "1-0"]
[WhiteElo "2040"]
[BlackElo "2208"]
[PlyCount "45"]
[EventDate "2009.??.??"]
[EventType "corr"]
[EventRounds "2"]

1. e4 c6 2. d4 Na6 3. Nf3 g6 4. Nc3 Nc7 5. Bd3 Bg7 6. O-O d6 7. Re1 Nf6 8. h3
O-O 9. Be3 Ne6 10. Qd2 Qc7 11. d5 Nc5 12. Bxc5 dxc5 13. dxc6 bxc6 14. e5 Nd5
15. Na4 Rd8 16. a3 Rb8 17. Rad1 Bf8 18. c4 Nb6 19. Nxc5 e6 20. Ne4 Nxc4 21. Qf4
Nxb2 22. Nf6+ Kh8 23. Nxh7 1-0

[Event "MCRE_SF18"]
[Site "?"]
[Date "2009.??.??"]
[Round "1"]
[White "Juhasz, Jozef"]
[Black "Kratochvil, Vaclav"]
[Result "1/2-1/2"]
[WhiteElo "2199"]
[BlackElo "2195"]
[PlyCount "63"]
[EventDate "2009.??.??"]
[EventType "corr"]
[EventRounds "2"]

1. e4 e5 2. Nf3 Nf6 3. Nxe5 d6 4. Nf3 Nxe4 5. Qe2 Qe7 6. Nc3 Nxc3 7. dxc3 Qxe2+
8. Bxe2 Be7 9. Be3 Nc6 10. O-O-O Be6 11. h4 h6 12. Nd2 O-O-O 13. f4 Rhe8 14.
Bf3 d5 15. Bf2 Bd6 16. g3 Ne7 17. a4 b6 18. Rhe1 c6 19. Kb1 g5 20. hxg5 hxg5
21. fxg5 Rg8 22. c4 Rxg5 23. cxd5 cxd5 24. g4 Rg6 25. Bh4 Rd7 26. Rg1 Bc5 27.
Rg2 Nc6 28. Re1 Nd4 29. Bd1 Kb7 30. Nf3 Nc6 31. Ne5 Nxe5 32. Rxe5 1/2-1/2

[Event "MCRE_SF18"]
[Site "?"]
[Date "2009.??.??"]
[Round "2"]
[White "Kratochvil, Vaclav"]
[Black "Juhasz, Jozef"]
[Result "0-1"]
[WhiteElo "2199"]
[BlackElo "2195"]
[PlyCount "86"]
[EventDate "2009.??.??"]
[EventType "corr"]
[EventRounds "2"]

1. e4 c5 2. Nf3 Nc6 3. d4 cxd4 4. Nxd4 e5 5. Nb5 d6 6. N1c3 a6 7. Na3 Be6 8.
Nc4 Nf6 9. Bg5 Rc8 10. a3 Nd4 11. Nd5 Bxd5 12. exd5 Be7 13. c3 Nf5 14. Qf3 g6
15. Bxf6 Bxf6 16. Be2 Bg5 17. O-O b5 18. Ne3 Bxe3 19. fxe3 Qb6 20. Rae1 Qxe3+
21. Qxe3 Nxe3 22. Bxb5+ axb5 23. Rxe3 Ke7 24. g4 Rc4 25. Rg3 g5 26. Rf5 f6 27.
Rg2 Rf4 28. h4 h6 29. Rxf4 gxf4 30. Kf2 e4 31. Rg1 Kf7 32. h5 Rg8 33. Re1 Re8
34. Ke2 f5 35. gxf5 Kf6 36. Rf1 Kxf5 37. Rg1 Re5 38. Rd1 Re7 39. Rg1 Ke5 40.
Kf2 Kxd5 41. Rd1+ Kc5 42. Rg1 Kc4 43. Rg4 f3 0-1

[Event "MCRE_SF18"]
[Site "?"]
[Date "2009.??.??"]
[Round "1"]
[White "Juhasz, Jozef"]
[Black "Pirhala, Ladislav"]
[Result "1-0"]
[WhiteElo "2199"]
[BlackElo "2190"]
[PlyCount "73"]
[EventDate "2009.??.??"]
[EventType "corr"]
[EventRounds "2"]

1. e4 c5 2. Nf3 d6 3. d4 cxd4 4. Nxd4 Nf6 5. Nc3 a6 6. Bg5 e6 7. Be2 Be7 8. Qd3
h6 9. Bd2 O-O 10. O-O Qc7 11. Qg3 Kh8 12. f4 Nbd7 13. a4 Nc5 14. Qe3 e5 15. Nf5
Bxf5 16. exf5 exf4 17. Qxf4 Qc6 18. Be3 Nfe4 19. Bd4 Bg5 20. Qf3 Rfe8 21. Ra3
d5 22. Rd1 Rad8 23. Nxe4 Nxe4 24. c3 Re7 25. Kh1 Rde8 26. Bd3 Nc5 27. Raa1 Nxd3
28. Qxd3 Re4 29. b4 Be3 30. b5 Qd6 31. bxa6 Bxd4 32. cxd4 bxa6 33. Rab1 Re2 34.
Qf3 R8e3 35. Qg4 Kh7 36. h3 Rg3 37. Qxe2 1-0

[Event "MCRE_SF18"]
[Site "?"]
[Date "2009.??.??"]
[Round "2"]
[White "Pirhala, Ladislav"]
[Black "Juhasz, Jozef"]
[Result "1/2-1/2"]
[WhiteElo "2190"]
[BlackElo "2199"]
[PlyCount "86"]
[EventDate "2009.??.??"]
[EventType "corr"]
[EventRounds "2"]

1. e4 e5 2. Nf3 Nc6 3. Bb5 a6 4. Ba4 Nf6 5. O-O Be7 6. Bxc6 dxc6 7. Re1 Nd7 8.
c3 O-O 9. d4 exd4 10. cxd4 Nb6 11. Qc2 Bg4 12. Nbd2 Bh5 13. a3 a5 14. b3 a4 15.
b4 Qd7 16. Bb2 Bd6 17. Ne5 Bxe5 18. dxe5 Rfd8 19. Nf1 Qd3 20. Rac1 Qxc2 21.
Rxc2 Bd1 22. Rc3 Rd7 23. f3 Bb3 24. Ne3 Rad8 25. Kf2 Nc8 26. f4 Na7 27. Rcc1
Nb5 28. Re2 h5 29. f5 Rd3 30. Kf3 g5 31. g3 Rd2 32. Kf2 Kf8 33. h3 R2d3 34. Kf3
Rd2 35. Kf2 Ke8 36. g4 h4 37. Nf1 R2d3 38. Re3 Ke7 39. Rce1 R3d7 40. Rc1 Kf8
41. Ree1 Kg8 42. Re3 Kf8 43. Ree1 Kg8 1/2-1/2

[Event "MCRE_SF18"]
[Site "?"]
[Date "2009.??.??"]
[Round "2"]
[White "Juhasz, Jozef"]
[Black "Machotka, Jaroslav"]
[Result "0-1"]
[WhiteElo "2199"]
[BlackElo "2040"]
[PlyCount "74"]
[EventDate "2009.??.??"]
[EventType "corr"]
[EventRounds "2"]

1. e4 e5 2. Nf3 Nc6 3. Bb5 a6 4. Bxc6 dxc6 5. O-O Be6 6. Nxe5 Qd4 7. Nf3 Qxe4
8. Re1 Qg6 9. Nd4 O-O-O 10. Nxe6 fxe6 11. d3 Nf6 12. Qe2 Bd6 13. Nd2 Rhf8 14.
Nf3 Rde8 15. Ne5 Qf5 16. a3 g5 17. b4 h5 18. Bb2 g4 19. Nc4 e5 20. Qe3 h4 21.
Re2 Nd5 22. Qe4 Qh5 23. g3 Rf3 24. Nd2 Ref8 25. Nxf3 gxf3 26. Rd2 Rf4 27. Qe1
Rf7 28. c4 Nf6 29. Ra2 Ng4 30. Bc1 Nxh2 31. c5 Rh7 32. Qe4 Rg7 33. Qe1 hxg3 34.
fxg3 f2+ 35. Rxf2 Rxg3+ 36. Kh1 Nf3+ 37. Rh2 Rh3 0-1

[Event "MCRE_SF18"]
[Site "?"]
[Date "2009.??.??"]
[Round "2"]
[White "Machotka, Jaroslav"]
[Black "Juhasz, Jozef"]
[Result "1/2-1/2"]
[WhiteElo "2040"]
[BlackElo "2199"]
[PlyCount "110"]
[EventDate "2009.??.??"]
[EventType "corr"]
[EventRounds "2"]

1. e4 e5 2. Nf3 Nc6 3. Bb5 a6 4. Ba4 Nf6 5. O-O Be7 6. Re1 b5 7. Bb3 d6 8. a4
Bg4 9. c3 Na5 10. Bc2 c5 11. h3 Bh5 12. g4 Bg6 13. d4 exd4 14. axb5 axb5 15.
cxd4 O-O 16. dxc5 dxc5 17. Ne5 Qb6 18. Qe2 Qe6 19. Nxg6 hxg6 20. Qxb5 Rfb8 21.
Qf1 Nc6 22. Rxa8 Rxa8 23. Nc3 Nd4 24. Bd1 Ra1 25. Be3 Nd7 26. Be2 Rxe1 27. Qxe1
Bf6 28. Bd1 g5 29. Kg2 Ne5 30. Qd2 Nc4 31. Qc1 Qe5 32. Qa1 Nxe3+ 33. fxe3 Nc6
34. Qa8+ Nd8 35. Be2 Qd6 36. Qd5 Qc7 37. Bc4 Qb8 38. Na4 Bxb2 39. Nxc5 Bf6 40.
Nd3 Qb1 41. e5 Be7 42. Qb5 Qc2+ 43. Nf2 Kf8 44. Bb3 Qc6+ 45. Qxc6 Nxc6 46. Nd3
f6 47. exf6 gxf6 48. Nf2 Bb4 49. Kf3 Ke7 50. Ke4 Ne5 51. Nd1 Kd6 52. Kf5 Ke7
53. Nb2 Bd2 54. Ke4 Kd6 55. Na4 Kc6 1/2-1/2

[Event "MCRE_SF18"]
[Site "?"]
[Date "2009.??.??"]
[Round "1"]
[White "Kratochvil, Vaclav"]
[Black "Pirhala, Ladislav"]
[Result "1/2-1/2"]
[WhiteElo "2195"]
[BlackElo "2190"]
[PlyCount "99"]
[EventDate "2009.??.??"]
[EventType "corr"]
[EventRounds "2"]

1. e4 c5 2. Nf3 d6 3. d4 cxd4 4. Nxd4 Nf6 5. f3 e5 6. Bb5+ Bd7 7. Bxd7+ Nbxd7
8. Nf5 d5 9. exd5 Nb6 10. O-O Qd7 11. Ng3 Nfxd5 12. Kh1 Bc5 13. Ne4 Be7 14. a4
a5 15. Qe2 f5 16. Nec3 O-O 17. Nxd5 Nxd5 18. Bd2 Qc6 19. c4 Nb4 20. Nc3 Rad8
21. b3 Bf6 22. Nb5 e4 23. Bxb4 axb4 24. Rad1 Be7 25. Nd4 Qf6 26. Nc2 Qe5 27.
Ne3 Bc5 28. Nd5 e3 29. f4 Qb8 30. Qf3 Rfe8 31. Rfe1 Rd6 32. Qh5 Qc8 33. Rd3 Re4
34. Re2 Qf8 35. Kg1 Rg6 36. Rd1 Qc8 37. Qh4 Rge6 38. Qh5 Qf8 39. Kh1 Rd6 40.
Rd3 Ree6 41. Rd1 Re8 42. Rde1 Re4 43. h3 Rde6 44. Kh2 Bd4 45. Rd1 Rh6 46. Qg5
Bc5 47. Rd3 Rg6 48. Qh5 Rd6 49. Qf3 Rc6 50. Qh5 1/2-1/2

[Event "MCRE_SF18"]
[Site "?"]
[Date "2009.??.??"]
[Round "2"]
[White "Pirhala, Ladislav"]
[Black "Kratochvil, Vaclav"]
[Result "1-0"]
[WhiteElo "2190"]
[BlackElo "2195"]
[PlyCount "95"]
[EventDate "2009.??.??"]
[EventType "corr"]
[EventRounds "2"]

1. e4 e5 2. Nf3 Nf6 3. Nxe5 d6 4. Nf3 Nxe4 5. d4 d5 6. Bd3 Be7 7. O-O Nc6 8. c4
Nb4 9. Be2 O-O 10. Nc3 Be6 11. h3 Re8 12. Be3 Bf5 13. Rc1 dxc4 14. Bxc4 Nd6 15.
Be2 Bf6 16. Bf4 c6 17. a3 Nd5 18. Nxd5 cxd5 19. Re1 Be4 20. Rc5 Nf5 21. Ne5 Qd6
22. Rb5 Nxd4 23. Qxd4 Bxe5 24. Bxe5 Qxe5 25. Qxe5 Rxe5 26. Bf1 Re6 27. Rxb7 Rb6
28. Rxb6 axb6 29. f3 Bf5 30. Rc1 Kf8 31. Kf2 Rc8 32. Rxc8+ Bxc8 33. Bb5 d4 34.
Ke2 Bf5 35. Bc6 Ke7 36. Be4 Bd7 37. Kd3 f5 38. Bd5 f4 39. Kxd4 Kd6 40. b3 b5
41. Be4 h6 42. Bg6 b4 43. axb4 Kc6 44. Ke5 Kb5 45. Kd6 Bc8 46. h4 Kxb4 47. Ke7
Kc3 48. Kf7 1-0

[Event "MCRE_SF18"]
[Site "?"]
[Date "2009.??.??"]
[Round "1"]
[White "Kratochvil, Vaclav"]
[Black "Machotka, Jaroslav"]
[Result "0-1"]
[WhiteElo "2195"]
[BlackElo "2040"]
[PlyCount "106"]
[EventDate "2009.??.??"]
[EventType "corr"]
[EventRounds "2"]

1. e4 e5 2. Nf3 Nc6 3. Bb5 a6 4. Ba4 Nf6 5. O-O Be7 6. Re1 b5 7. Bb3 d6 8. c3
O-O 9. h3 Na5 10. Bc2 c5 11. d4 Qc7 12. Nbd2 cxd4 13. cxd4 Bb7 14. Nf1 Rac8 15.
Ne3 Nxe4 16. Nf5 Qxc2 17. Nxe7+ Kh8 18. Qxc2 Rxc2 19. dxe5 Nxf2 20. Nd4 Rc4 21.
Ndf5 Nd3 22. Rd1 Nxe5 23. Nxd6 Rc7 24. Bf4 Rxe7 25. Bxe5 Nc6 26. Bd4 Nxd4 27.
Rxd4 Ba8 28. Kf2 Rc7 29. Rad1 h5 30. R1d2 Kh7 31. a4 bxa4 32. Rxa4 Rc6 33. Rad4
Rd8 34. b4 g5 35. g4 h4 36. Rd5 Rc2 37. R5d4 Rxd2+ 38. Rxd2 Rd7 39. Rd1 Bc6 40.
Rd4 Kg8 41. Rd2 Kf8 42. Ke3 f6 43. Kf2 f5 44. gxf5 Ke7 45. Nc4 Rxd2+ 46. Nxd2
Bd5 47. Nf3 Kf6 48. Nd4 Ke5 49. Nc2 Bc4 50. Kg1 Bd3 51. Ne3 Bxf5 52. Kh2 Bd7
53. Kg2 Kd4 0-1

[Event "MCRE_SF18"]
[Site "?"]
[Date "2009.??.??"]
[Round "2"]
[White "Machotka, Jaroslav"]
[Black "Kratochvil, Vaclav"]
[Result "1-0"]
[WhiteElo "2040"]
[BlackElo "2195"]
[PlyCount "111"]
[EventDate "2009.??.??"]
[EventType "corr"]
[EventRounds "2"]

1. e4 e5 2. Nf3 Nf6 3. Nxe5 d6 4. Nf3 Nxe4 5. d4 d5 6. Bd3 Be7 7. O-O Nc6 8.
Re1 Bg4 9. c4 Nf6 10. Nc3 Bxf3 11. Qxf3 Nxd4 12. Qd1 Ne6 13. Bf5 dxc4 14. Qa4+
c6 15. Bxe6 fxe6 16. Qxc4 O-O 17. Rxe6 Nd5 18. Be3 Bf6 19. Bc5 Rf7 20. Rae1
Bxc3 21. bxc3 Rf6 22. R6e5 b5 23. Qd3 Rg6 24. g3 Qd7 25. a4 a6 26. c4 bxc4 27.
Qxc4 a5 28. Re7 Qc8 29. h4 h5 30. R7e5 Qg4 31. Qd3 Rd8 32. Kh2 Rc8 33. R1e4 Qd7
34. Re7 Qf5 35. Re8+ Kh7 36. Rxc8 Qxc8 37. Re5 Qg4 38. Rg5 Qe6 39. g4 Nf4 40.
Qb1 hxg4 41. Be3 Qd6 42. Bxf4 Qxf4+ 43. Kg1 Qf6 44. Rh5+ Kg8 45. Qb8+ Kf7 46.
Rxa5 Rh6 47. Re5 Qd6 48. Rf5+ Ke6 49. Qc8+ Qd7 50. Re5+ Kd6 51. Qb8+ Qc7 52.
Qb3 Qd7 53. Qg3 c5 54. Qd3+ Kc7 55. Rxc5+ Rc6 56. Qxd7+ 1-0